000 00733nam a2200217 i 4500
001 bg
100 1 _aTRZCIELIŃSKI, Stefan
245 1 0 _aZależności przyczynowo-skutkowe w przekształceniach struktury organizacyjnej przedsiębiorstwa wytwórczego /
_cStefan Trzcieliński.
260 _aPoznań :
_bWydaw. PP,
_c1999.
300 _a141 s. ;
_c24 cm.
490 1 _aRozprawy / Politechnika Poznańska,
_x0551-6528 ;
_vnr 348
500 _aStreszcz. ang.
504 _aBibliogr.
650 9 _aPrzedsiębiorstwo
_xorganizacja
_xzagadnienia
830 0 _aRozprawy (Politechnika Poznańska) ;
_vnr 348
040 _cBPK
041 0 _apl
_ben
080 _a658.1/.5.011
942 _cKS
008 s pl f |000 0 pol
999 _c37965
_d37965
856 _uhttp://koha.tu.koszalin.pl/cgi-bin/koha/opac-detail.pl?biblionumber=37965
_yKatalog online BPK